000 00485nam a2200169Ia 4500
005 20250508155455.0
008 008 250505s9999 xx 000 0 eng d
037 _aBooks to be hide in OPAC
040 _aFEDL
_beng
_cFEDL
041 _aeng
_2eng
084 _a371.73, IND/O
_qFEDL
245 0 _aJohn : National physical efficiency drive
245 0 _cIndia. Education (Ministry of...)
260 _c1964
942 _cHB
_h371.73, IND/O
999 _c1357147
_d1357147